000 01543nam0a2200373 4500
001 RU\NLR\BIBL_A\012001136
005 20190703142052.0
010 _a978-5-6042278-0-0
_91000
021 _aRU
_bАЛ-П-19-0040
_9АЛ-П-19-00202и
035 _a(NLR Aleph) 012001136
035 _a(RuMoRGB)009950037
090 _a11405487
_c11405487
100 _a20190426d2018 k y0rusy50 ca
101 0 _aeng
102 _aRU
105 _aach z 000zy
200 1 _aAerospace defence of Russia
_eAlmaz-Antey corp.: destined to guarding blue sky
_f[V. N. Korovin, I. Y. Korotchenko, V. V. Yarmolenko
_geditorial team: Y. V. Novikov et al.]
_gAlmaz-Antey corp.
210 _aMoscow
_cNational defense
_dcop. 2018
215 _a281, [23] с.
_cил., цв. ил., факс., портр.
_d30
300 _aАвт. указаны на обороте тит. л.
541 1 _aАэрокосмическая оборона России
601 0 2 _a"Алмаз-Антей", концерн ПВО
_cМосква, город
_2nlr_sh2
_3RU\NLR\AUTH\661566464
686 1 _aЦ501.1-8л9
686 1 _aЦ641-8л9
701 1 _aKorovin
_bV. N.
_f1961-
_gVladimir Nikolaevič
701 1 _aKorotčenko
_bI. J.
_gIgor' J.
701 1 _aJarmolenko
_bV. V.
_gVladislav Vladimirovič
702 1 _aNovikov
_bJ.V.
_f1959-
_gJan Valentinovič
_4340
711 0 2 _aAlmaz-Antey, air and spase defence corporation
_cMoscow
_3RU\NLR\AUTH\880503595
942 _cBOOK
980 _aNB